Statistics for Countries of the Middle East

Click here to take the quiz!

General Stats

  • This quiz has been taken 150,663 times
    (150,304 since last reset)
  • The average score is 16 of 17

Answers on the Map

Answers color-coded by a green-red scale on the quiz's map according to % correct below.
 

Answer Stats

Country% Correct
Iran
98%
Iraq
98%
Saudi Arabia
97%
Israel
96%
Palestinian Territories
96%
Oman
95%
Yemen
95%
Jordan
94%
Syria
94%
United Arab Emirates
93%
Qatar
92%
Turkey
92%
Egypt
91%
Kuwait
89%
Lebanon
89%
Bahrain
83%
Cyprus
78%

Score Distribution

Percentile by Number Answered

Percent of People with Each Score

Your Score History

You have not taken this quiz since the last reset